Writing to communicate paragraphs and essays
Zapisane w:
| 1. autor: | |
|---|---|
| Format: | Książka |
| Język: | Undetermined |
| Wydane: |
London
Longman
2002
|
| Etykiety: |
Dodaj etykietę
Nie ma etykietki, Dołącz pierwszą etykiete!
|
| Thư viện lưu trữ: | Trung tâm Học liệu Trường Đại học Cần Thơ |
|---|
| LEADER | 00372nam a2200133Ia 4500 | ||
|---|---|---|---|
| 001 | CTU_65785 | ||
| 008 | 210402s9999 xx 000 0 und d | ||
| 020 | |b 259000 | ||
| 100 | |a Cynthia A. Boardman | ||
| 245 | 0 | |a Writing to communicate paragraphs and essays | |
| 260 | |a London | ||
| 260 | |b Longman | ||
| 260 | |c 2002 | ||
| 980 | |a Trung tâm Học liệu Trường Đại học Cần Thơ | ||